Towards a system of multilateral unit labor cost-based competitiveness indicators for advanced, developing, and transition countries

Na minha lista:
Detalhes bibliográficos
Autor principal: Turner, Anthony G.
Outros Autores: Golub, Stephen S.
Formato: Livro
Idioma:inglês
Publicado em: Washington International Monetary Fund 1997
Colecção:IMF Working paper WP/97/151
Assuntos:
Tags: Adicionar Tag
Sem tags, seja o primeiro a adicionar uma tag!

MARC

LEADER 00000nam a2200000 4500
001 c100711
005 20221124075016.6
041 0 |a eng 
044 |a US 
245 1 0 |a Towards a system of multilateral unit labor cost-based competitiveness indicators for advanced, developing, and transition countries  |c Prepared by Anthony G. Turner and Stephen S. Golub 
264 1 |a Washington  |b International Monetary Fund  |c 1997 
300 |a 46 s. 
490 1 |a IMF Working paper  |v WP/97/151 
830 0 |a IMF Working paper  |v WP/97/151 
610 2 0 |a kurz devízový 
610 2 0 |a kurz výmenný 
610 2 0 |a náklady 
610 2 0 |a náklady práce 
610 2 0 |a výroba 
610 2 0 |a ceny spotrebiteľské 
610 2 0 |a konkurencia 
610 2 0 |a ukazovatele 
610 2 0 |a krajiny rozvojové 
610 2 0 |a krajiny vyspelé 
610 2 0 |a modely 
610 2 0 |a porovnanie medzinárodné 
100 1 |a Turner, Anthony G. 
700 1 |a Golub, Stephen S.